000 00330nam a2200133Ia 4500
008 240624s9999 xx 000 0 und d
041 _aeng
082 _a823 ROY
100 _aROY ARUNDHATI
245 _aSHAPE OF THE BEAST
260 _c2008
_aNew Delhi
_bPenguin/Viking
300 _aix, : 271 : p. : cm. ; 22
365 _cRS
_b30
999 _c12559
_d12559